| 000 | 02028nam a2200397 i 4500 | ||
|---|---|---|---|
| 001 | ebr10951293 | ||
| 003 | CaPaEBR | ||
| 006 | m o d | ||
| 007 | cr cn||||||||| | ||
| 008 | 141017t20142014dcua o 000 0 eng d | ||
| 020 | _z9781498324519 | ||
| 020 | _a9781498392020 (e-book) | ||
| 040 |
_aCaPaEBR _beng _erda _epn _cCaPaEBR |
||
| 035 | _a(OCoLC)890662486 | ||
| 043 | _af-cd--- | ||
| 050 | 1 | 4 |
_aHC990 _b.I584 2014eb |
| 082 | 0 | 4 |
_a335.96743 _223 |
| 110 | 2 |
_aInternational Monetary Fund, _eauthor. |
|
| 245 | 1 | 0 |
_aChad : _brequest for a three-year arrangement under the extended credit facility-staff report; press release; and statement by the executive director for Chad / _cInternational Monetary Fund. |
| 264 | 1 |
_aWashington, District of Columbia : _bInternational Monetary Fund, _c2014. |
|
| 264 | 4 | _c�2014 | |
| 300 |
_a1 online resource (95 pages) : _bcolor illustrations, graphs, tables. |
||
| 336 |
_atext _2rdacontent |
||
| 337 |
_acomputer _2rdamedia |
||
| 338 |
_aonline resource _2rdacarrier |
||
| 490 | 1 |
_aIMF Country Report ; _vNumber 14/282 |
|
| 588 | _aDescription based on online resource; title from PDF title page (ebrary, viewed October 17, 2014). | ||
| 590 | _aElectronic reproduction. Palo Alto, Calif. : ebrary, 2014. Available via World Wide Web. Access may be limited to ebrary affiliated libraries. | ||
| 651 | 0 |
_aChad _xEconomic conditions. |
|
| 651 | 0 |
_aChad _xEconomic policy. |
|
| 655 | 0 | _aElectronic books. | |
| 776 | 0 | 8 |
_iPrint version: _aInternational Monetary Fund. _tChad : request for a three-year arrangement under the extended credit facility-staff report; press release; and statement by the executive director for Chad. _dWashington, District of Columbia : International Monetary Fund, c2014 _h59 pages _kIMF country report ; Number 14/282. _z9781498324519 |
| 797 | 2 | _aebrary. | |
| 830 | 0 |
_aIMF country report ; _vNumber 14/282. |
|
| 856 | 4 | 0 |
_uhttp://site.ebrary.com/lib/rucke/Doc?id=10951293 _zAn electronic book accessible through the World Wide Web; click to view |
| 999 |
_c5643 _d5643 |
||